Econometría de series de tiempo : (Registro nro. 4759)

Detalles MARC
000 -LEADER
fixed length control field 01022nam a2200253Ia 4500
003 - CONTROL NUMBER IDENTIFIER
control field OSt
005 - DATE AND TIME OF LATEST TRANSACTION
control field 20200610164211.0
008 - FIXED-LENGTH DATA ELEMENTS--GENERAL INFORMATION
fixed length control field 191128t2012 yo ad fr 000 0dspa d
020 ## - INTERNATIONAL STANDARD BOOK NUMBER
International Standard Book Number 9783659039355
040 ## - CATALOGING SOURCE
Original cataloging agency CO-JMCR
Transcribing agency CO-JMCR
041 0# - LANGUAGE CODE
Language code of text/sound track or separate title spa
082 04 - DEWEY DECIMAL CLASSIFICATION NUMBER
Classification number 330.0151 /
Item number M291e
Edition number 23
100 1# - MAIN ENTRY--PERSONAL NAME
Personal name Meza Carvajalino, Carlos Arturo,
Relator term autor
9 (RLIN) 5411
245 10 - TITLE STATEMENT
Title Econometría de series de tiempo :
Remainder of title elementos y fundamentos, un enfoque "paso a paso" /
Statement of responsibility, etc. Carlos Arturo Meza Carvajalino
260 ## - PUBLICATION, DISTRIBUTION, ETC.
Place of publication, distribution, etc. Saarbrücken :
Name of publisher, distributor, etc. Académica Española,
Date of publication, distribution, etc. ©2012
300 ## - PHYSICAL DESCRIPTION
Extent 151 páginas :
Other physical details gráficos a blanco y negro ;
Dimensions 22 cm.
500 ## - GENERAL NOTE
General note Incluye datos biográficos del auor.
505 0# - FORMATTED CONTENTS NOTE
Formatted contents note Modelos de series de tiempo univariadas -- Modelos con series volátiles -- Modelos dinámicos de series de tiempo autorregresivo y rezagos distribuidos
650 14 - SUBJECT ADDED ENTRY--TOPICAL TERM
Topical term or geographic name entry element Econometría
9 (RLIN) 5412
650 14 - SUBJECT ADDED ENTRY--TOPICAL TERM
Topical term or geographic name entry element Economía matemática
9 (RLIN) 5197
650 14 - SUBJECT ADDED ENTRY--TOPICAL TERM
Topical term or geographic name entry element Estadística
9 (RLIN) 5413
650 14 - SUBJECT ADDED ENTRY--TOPICAL TERM
Topical term or geographic name entry element Pronóstico de la economía
9 (RLIN) 2574
942 ## - ADDED ENTRY ELEMENTS (KOHA)
Source of classification or shelving scheme Dewey Decimal Classification
Koha item type Books
Existencias
Withdrawn status Lost status Source of classification or shelving scheme Damaged status Not for loan Collection code Home library Current library Date acquired Source of acquisition Cost, normal purchase price Total Checkouts Full call number Barcode Date last seen Copy number Koha item type
    Dewey Decimal Classification     Non-fiction Biblioteca Pública José María del Castillo y Rada Biblioteca Pública José María del Castillo y Rada 04/15/2018 Donación 0.00   330.0151 / M291e 430000280 05/16/2024 Ej.1 Books